UM Logo

Sport, exercise, and performance psychology : (Record no. 14193)

MARC details
000 -LEADER
fixed length control field 04236cam a2200349 i 4500
001 - CONTROL NUMBER
control field 20627456
005 - DATE AND TIME OF LATEST TRANSACTION
control field 20190904092458.0
008 - FIXED-LENGTH DATA ELEMENTS--GENERAL INFORMATION
fixed length control field 180729s2019 nyua b 001 0 eng c
010 ## - LIBRARY OF CONGRESS CONTROL NUMBER
LC control number 2018026818
020 ## - INTERNATIONAL STANDARD BOOK NUMBER
International Standard Book Number 978-1-138-65552-2 (hbk. : alk. paper)
020 ## - INTERNATIONAL STANDARD BOOK NUMBER
International Standard Book Number 978-1-138-65553-9 (pbk. : alk. paper)
020 ## - INTERNATIONAL STANDARD BOOK NUMBER
Canceled/invalid ISBN 9780429438851 (ebk.)
040 ## - CATALOGING SOURCE
Original cataloging agency LBSOR/DLC
Language of cataloging eng
Transcribing agency LBSOR
Description conventions rda
Modifying agency DLC
042 ## - AUTHENTICATION CODE
Authentication code pcc
050 00 - LIBRARY OF CONGRESS CALL NUMBER
Classification number GV706.4
Item number .S658 2019
082 00 - DEWEY DECIMAL CLASSIFICATION NUMBER
Classification number DC 796.01
Edition number 2019
Item number Sp67
245 00 - TITLE STATEMENT
Title Sport, exercise, and performance psychology :
Remainder of title theories and applications /
Statement of responsibility, etc. edited by Angus Mugford and J. Gualberto Cremades.
260 ## - PUBLICATION, DISTRIBUTION, ETC. (IMPRINT)
Place of publication, distribution, etc. New York:
Name of publisher, distributor, etc. Routledge,
Date of publication, distribution, etc. ©2019.
300 ## - PHYSICAL DESCRIPTION
Extent xviii, 415 pages :
Other physical details illustrations ;
Dimensions 26 cm
504 ## - BIBLIOGRAPHY, ETC. NOTE
Bibliography, etc Includes bibliographical references and index.
505 0# - FORMATTED CONTENTS NOTE
Formatted contents note Professional philosophy / Christian Swann, Richard Keegan, Brendan Cropley and Ian Mitchell -- Governance on the move : actively applying ethics in sport, exercise, and performance psychology settings / Gene M. Moyle -- Personality in relation to sport, exercise, and performance psychology : perspectives and guidelines for professional practice / Charles A. Maher -- Multicultural diversity and issues of difference / Emily A. Roper and Leslee A. Fisher -- Working with organizations in sport, exercise, and performance psychology / Greta Raaen and Angus Mugford -- Arousal, stress, and anxiety in sport, exercise, and performance : concepts and management strategies / Jamie L. Shapiro and Michelle Bartlett -- Burnout / J. D. DeFreese and Robert Eklund -- Sport injury : psychological consequences and management strategies / Leslie Podlog, John Heil, and Stefanie Podlog (née Schulte) -- Clinical issues in sport, exercise and performance : a whole-person approach to helping athletes and individuals succeed in sport and life / Andrea Wieland, Graig M. Chow, and Matthew Bird -- The evolution of a career : navigating through and adapting to transitions in sport, exercise, and performance / Lauren S. Tashman -- Theories and applications of motivation in sport, exercise, and performance / Charlotte K. Merrett and Alison L. Tinckell-Smith -- Goal setting / Paul McCarthy -- Attention and concentration / Aidan Moran, John Toner, and Mark Campbell -- The psychophysiology of self-regulation / Tim Herzog, Stephanie Zavilla, Margaret Dupee, and Mark Stephenson -- Imagery in sport, exercise, and performance / Krista Munroe-Chandler and Michelle Guerrero -- Confidence / Robin S. Vealey, Melissa A. Chase, Carly Block, and Robin Cooley -- Routines, preparation, and performance / Stewart T. Cotterill and Duncan Simpson -- Group and team dynamics / Ken Hodge, Mark Beauchamp, and David Fletcher -- Communication / Vanessa R. Shannon, Melinda Houston, Ashwin J. Patel and Noah B. Gentner -- Leadership / Jeffrey M. Coleman and Hector Morales.
520 ## - SUMMARY, ETC.
Summary, etc. "This book brings together world-class professionals to share theoretical understanding applied to sport, exercise, and performance domains. It highlights how to be more effective in developing psychological skills, context, and understanding for educators, students, and professionals. From both academic and practitioner perspectives, this book takes readers through contextual understanding of this field of study and into a wide variety of important areas. Specifically, the chapters focus on the mind-body relationship and performance challenges, and on core mental skills applied across different sport, exercise, and performance examples (including professional athletes, normal exercise populations, and military service members). The final section expands the context into the role of relationships and performance in group settings to cover a broad practice of modern day applied performance psychology"--
650 #0 - SUBJECT ADDED ENTRY--TOPICAL TERM
Topical term or geographic name as entry element Sports
General subdivision Psychological aspects.
9 (RLIN) 39327
650 #0 - SUBJECT ADDED ENTRY--TOPICAL TERM
Topical term or geographic name as entry element Exercise
General subdivision Psychological aspects.
9 (RLIN) 39328
650 #0 - SUBJECT ADDED ENTRY--TOPICAL TERM
Topical term or geographic name as entry element Physical fitness
General subdivision Psychological aspects.
9 (RLIN) 39329
700 1# - ADDED ENTRY--PERSONAL NAME
Personal name Mugford, Angus,
Relator term editor.
9 (RLIN) 39330
700 1# - ADDED ENTRY--PERSONAL NAME
Personal name Cremades, J. Gualberto.,
Relator term editor.
9 (RLIN) 39331
365 ## - TRADE PRICE
Price amount 7,150
Currency code Php
906 ## - LOCAL DATA ELEMENT F, LDF (RLIN)
a 7
b cbc
c orignew
d 1
e ecip
f 20
g y-gencatlg
942 ## - ADDED ENTRY ELEMENTS (KOHA)
Source of classification or shelving scheme Dewey Decimal Classification
Koha item type Circulation
Holdings
Withdrawn status Lost status Source of classification or shelving scheme Damaged status Not for loan Collection code Home library Current library Shelving location Date acquired Source of acquisition Cost, normal purchase price Total Checkouts Full call number Barcode Date last seen Date last checked out Copy number Price effective from Koha item type
    Dewey Decimal Classification     Circulation UM Digos College - LIC UM Digos College - LIC Book Cart 08/18/2019 Purchased 7150.00 12 DC 796.01 Sp67 2019 25507 05/15/2025 07/06/2022 1 09/04/2019 Circulation